000 00857nmm a2200277 a 4500
001 ocm000576774
003 TR-IsHL
005 20201028115844.0
008 130625s2008 tu tur
007 cr cn
020 _a9786055965495
035 _a576774
_b(N$T)
050 0 4 _aBP189.7.N7
_bT45 2008
090 0 4 _aBP189.7.N7
_bT45 2008
100 1 _aTekin, Arslan
245 1 0 _aAleviler ve Bektaşiler arasında
_h[electronic resource] /
_cArslan Tekin
250 _a1. bs.
260 _aİstanbul :
_bBilgeoğuz Yayınları,
_c2008
300 _a328 p.
650 4 _aFelsefe, Psikoloji ve Din
650 4 _aPhilosophy, Psychology and Religion
650 0 _aAlevilik
650 0 _aAlevism
650 7 _aRELIGION / Islam / Sufi
_2bisacsh
856 4 0 _uhttp://search.ebscohost.com/login.aspx?direct=true&scope=site&db=e011xww&AN=576774
999 _c476
_d476